[Event "POL-ch U26 rapid"]
[Site "Hucisko"]
[Date "2016.01.15"]
[Round "4"]
[White "Szusterowski, Radoslaw"]
[Black "Wandzik, Wojciech"]
[Result "0-1"]
[WhiteElo "2224"]
[BlackElo "2346"]
[PlyCount "77"]
[EventDate "2016.01.15"]
[EventType "swiss (rapid)"]
[EventRounds "9"]
[EventCountry "POL"]
[SourceTitle "CBM 170 Extra"]
[Source "ChessBase"]
[SourceDate "2016.02.25"]
[SourceVersion "1"]
[SourceVersionDate "2016.02.25"]
[SourceQuality "1"]

1. d4 Nf6 2. c4 e6 3. Nf3 d5 4. g3 Be7 5. Bg2 0-0 6. 0-0 dxc4 7. Ne5 Nc6 8. Bxc6 bxc6 9. Nxc6 Qe8 10. Nxe7+ Qxe7 11. Qc2 e5 12. dxe5 Qxe5 13. Bf4 Qc5 14. Nd2 Ba6 15. Rac1 Rfe8 16. Nxc4 Re4 17. Ne3 Qh5 18. Qc6 Bxe2 19. Qxa8+ Re8 20. Qxa7 Bf3 21. h4 Ne4 22. Qa4 Rf8 23. Rxc7 g5 24. Qa5 Qg6 25. Qf5 gxf4 26. Qxg6+ fxg6 27. gxf4 Rxf4 28. Rc8+ Kg7 29. Rfc1 Rxh4 30. R1c7+ Kh6 31. Ng2 Rg4 32. Kf1 Rxg2 33. Rc4 Rxf2+ 34. Ke1 Re2+ 35. Kf1 Rh2 36. Rxe4 Bxe4 37. Kg1 Rg2+ 38. Kf1 Bd5 39. Ke1 0-1

[Event "POL-ch U26 rapid"]
[Site "Hucisko"]
[Date "2016.01.15"]
[Round "1"]
[White "Wandzik, Wojciech"]
[Black "Lapok, Marek"]
[Result "1-0"]
[WhiteElo "2346"]
[BlackElo "1661"]
[PlyCount "21"]
[EventDate "2016.01.15"]
[EventType "swiss (rapid)"]
[EventRounds "9"]
[EventCountry "POL"]
[SourceTitle "CBM 170 Extra"]
[Source "ChessBase"]
[SourceDate "2016.02.25"]
[SourceVersion "1"]
[SourceVersionDate "2016.02.25"]
[SourceQuality "1"]

1. e4 c6 2. d4 d5 3. Nc3 dxe4 4. Nxe4 Bf5 5. Ng3 Bg6 6. h4 h6 7. Nh3 e6 8. Nf4 Bh7 9. Bc4 Nf6 10. Ngh5 Bd6 11. Nxg7+ 1-0

[Event "POL-chT 2nd League"]
[Site "Jastrzebia Gora"]
[Date "2015.09.09"]
[Round "5.19"]
[White "Wandzik, Wojciech"]
[Black "Gumularz, Szymon"]
[Result "1/2-1/2"]
[WhiteElo "2360"]
[BlackElo "2239"]
[PlyCount "84"]
[EventDate "2015.09.05"]
[EventType "team-swiss"]
[EventRounds "9"]
[EventCountry "POL"]
[SourceTitle "EXT 2017"]
[Source "ChessBase"]
[SourceDate "2016.10.25"]
[SourceVersion "1"]
[SourceVersionDate "2016.10.25"]
[SourceQuality "1"]
[WhiteTeam "Gliwice Politechnika Slaska"]
[BlackTeam "Wroclaw MUKS MDK Fabryczna"]
[WhiteTeamCountry "POL"]
[BlackTeamCountry "POL"]

1. e4 d6 2. d4 Nf6 3. Nc3 e5 4. Nf3 Nbd7 5. Bc4 Be7 6. 0-0 0-0 7. Qe2 c6 8. a4 a5 9. Rd1 Qc7 10. h3 exd4 11. Nxd4 Nc5 12. Bf4 Nfd7 13. Rd2 Ne5 14. Nb3 Qb6 15. Bxe5 dxe5 16. Nxc5 Bxc5 17. Nd1 Re8 18. b3 Be6 19. Bxe6 Rxe6 20. Ne3 Bxe3 21. Qxe3 Qxe3 22. fxe3 Kf8 23. Rad1 Ke8 24. Rd7 Re7 25. R7d6 Re6 26. Rd7 Re7 27. R7d2 Rc7 28. Kf1 Rcc8 29. Ke2 Rd8 30. Kf3 Rxd2 31. Rxd2 Rd8 32. Ke2 Rxd2+ 33. Kxd2 Kd7 34. Kc3 b5 35. b4 bxa4 36. bxa5 c5 37. Kb2 Kc6 38. c4 Kb7 39. Ka3 Ka6 40. Kxa4 h5 41. g4 hxg4 42. hxg4 g5 1/2-1/2

[Event "POL-ch U26"]
[Site "Zabrze"]
[Date "2015.01.10"]
[Round "1"]
[White "Wandzik, Wojciech"]
[Black "Rymarowicz, Jakub"]
[Result "1-0"]
[WhiteElo "2356"]
[BlackElo "1838"]
[PlyCount "59"]
[EventDate "2015.01.10"]
[EventType "swiss"]
[EventRounds "9"]
[EventCountry "POL"]
[SourceTitle "EXT 2016"]
[Source "ChessBase"]
[SourceDate "2015.10.08"]
[SourceVersion "1"]
[SourceVersionDate "2015.10.08"]
[SourceQuality "1"]

1. e4 c5 2. Nf3 g6 3. c4 Bg7 4. d4 cxd4 5. Nxd4 d6 6. Nc3 Nd7 7. Be2 Ngf6 8. Be3 b6 9. 0-0 Bb7 10. f3 0-0 11. Rc1 Rc8 12. Qd2 Ne5 13. b3 Nc6 14. Rfd1 Nd7 15. Nc2 Re8 16. Bf1 a6 17. Nd5 Na7 18. Qf2 Bxd5 19. cxd5 Nb5 20. Nb4 Rxc1 21. Rxc1 Nc5 22. Nxa6 Na7 23. b4 Nd7 24. Rc7 Nc8 25. Bb5 Nf6 26. g4 Rf8 27. g5 Nxd5 28. exd5 e6 29. Rd7 Qe8 30. Nc7 1-0

[Event "POL-UKR U26"]
[Site "Katowice"]
[Date "2014.10.09"]
[Round "4.19"]
[White "Wandzik, Wojciech"]
[Black "Golubka, Petr"]
[Result "1/2-1/2"]
[WhiteElo "2351"]
[BlackElo "2389"]
[PlyCount "37"]
[EventDate "2014.10.08"]
[EventType "team-match"]
[EventRounds "4"]
[EventCountry "POL"]
[SourceTitle "EXT 2015"]
[Source "ChessBase"]
[SourceDate "2014.11.20"]
[SourceVersion "1"]
[SourceVersionDate "2014.11.20"]
[SourceQuality "1"]
[WhiteTeam "Gliwice Politechnika Slaska"]
[BlackTeam "Lvov Univ of Physics"]
[WhiteTeamCountry "POL"]
[BlackTeamCountry "UKR"]

1. e4 e5 2. Nf3 Nc6 3. Bb5 a6 4. Bxc6 dxc6 5. 0-0 f6 6. d4 exd4 7. Nxd4 c5 8. Ne2 Qxd1 9. Rxd1 Bd6 10. Bf4 Be6 11. Bxd6 0-0-0 12. Nbc3 cxd6 13. Nf4 Bf7 14. Nfd5 Bxd5 15. Nxd5 Kd7 16. Rd2 Ne7 17. Rad1 Nxd5 18. Rxd5 Kc7 19. f3 1/2-1/2

[Event "POL-UKR U26"]
[Site "Katowice"]
[Date "2014.10.08"]
[Round "1.1"]
[White "Baryshpolets, Andrey"]
[Black "Wandzik, Wojciech"]
[Result "1/2-1/2"]
[WhiteElo "2545"]
[BlackElo "2351"]
[PlyCount "80"]
[EventDate "2014.10.08"]
[EventType "team-match"]
[EventRounds "4"]
[EventCountry "POL"]
[SourceTitle "EXT 2015"]
[Source "ChessBase"]
[SourceDate "2014.11.20"]
[SourceVersion "1"]
[SourceVersionDate "2014.11.20"]
[SourceQuality "1"]
[WhiteTeam "Ternopol Economic Univ"]
[BlackTeam "Gliwice Politechnika Slaska"]
[WhiteTeamCountry "UKR"]
[BlackTeamCountry "POL"]

1. d4 Nf6 2. c4 e6 3. Nf3 d5 4. Nc3 Bb4 5. cxd5 exd5 6. Bg5 h6 7. Bh4 g5 8. Bg3 Ne4 9. Nd2 Nxg3 10. hxg3 c6 11. Qc2 Nd7 12. a3 Bd6 13. e4 dxe4 14. Ndxe4 Nb6 15. 0-0-0 Be6 16. Nc5 Qe7 17. Nxe6 Qxe6 18. Bd3 Kf8 19. Rhe1 Qd7 20. Ne4 Kg7 21. Kb1 Rhe8 22. f4 gxf4 23. gxf4 Bxf4 24. Qf2 Nd5 25. Qf3 b6 26. g3 Bg5 27. Nxg5 Rxe1 28. Rxe1 hxg5 29. Qh5 Rh8 30. Qxg5+ Kf8 31. Bc4 Rh2 32. Qe5 Qg4 33. Ka1 Qf3 34. Bxd5 cxd5 35. Rc1 Rh1 36. Rxh1 Qxh1+ 37. Ka2 Qe4 38. Kb3 Qd3+ 39. Ka2 Qe4 40. Kb3 Qd3+ 1/2-1/2

[Event "POL-chT 2nd League"]
[Site "Szczyrk"]
[Date "2014.09.11"]
[Round "6.25"]
[White "Jakubiec, Artur"]
[Black "Wandzik, Wojciech"]
[Result "1-0"]
[WhiteElo "2535"]
[BlackElo "2314"]
[PlyCount "61"]
[EventDate "2014.09.06"]
[EventType "team-swiss"]
[EventRounds "9"]
[EventCountry "POL"]
[SourceTitle "EXT 2015"]
[Source "ChessBase"]
[SourceDate "2014.11.20"]
[SourceVersion "1"]
[SourceVersionDate "2014.11.20"]
[SourceQuality "1"]
[WhiteTeam "Dabrowa Gornicza Zaglebie"]
[BlackTeam "Gliwice Politechnika Slaska"]
[WhiteTeamCountry "POL"]
[BlackTeamCountry "POL"]

1. Nf3 Nf6 2. g3 e6 3. Bg2 Be7 4. 0-0 0-0 5. d3 c5 6. e4 Nc6 7. e5 Ne8 8. Nc3 d6 9. Re1 Bd7 10. exd6 Nxd6 11. Ne4 Nxe4 12. dxe4 b5 13. h4 e5 14. c3 Qc7 15. Qc2 Rfd8 16. Be3 Na5 17. Nh2 Rab8 18. Bg5 Be6 19. Bxe7 Qxe7 20. Nf1 Nc4 21. b3 Nb6 22. Ne3 Rd7 23. Bf1 b4 24. Bb5 Rdd8 25. c4 Rd4 26. Bc6 Rd6 27. Bd5 Nd7 28. a3 Rdb6 29. axb4 Rxb4 30. Rxa7 Rxb3 31. Qd1 1-0

[Event "POL-chT 2nd League"]
[Site "Szczyrk"]
[Date "2014.09.10"]
[Round "5.13"]
[White "Luch, Michal"]
[Black "Wandzik, Wojciech"]
[Result "1/2-1/2"]
[WhiteElo "2423"]
[BlackElo "2314"]
[PlyCount "73"]
[EventDate "2014.09.06"]
[EventType "team-swiss"]
[EventRounds "9"]
[EventCountry "POL"]
[SourceTitle "EXT 2015"]
[Source "ChessBase"]
[SourceDate "2014.11.20"]
[SourceVersion "1"]
[SourceVersionDate "2014.11.20"]
[SourceQuality "1"]
[WhiteTeam "Wisznia Mala OKSiR"]
[BlackTeam "Gliwice Politechnika Slaska"]
[WhiteTeamCountry "POL"]
[BlackTeamCountry "POL"]

1. d4 Nf6 2. c4 e6 3. Nf3 d5 4. Nc3 Bb4 5. Bg5 h6 6. Bxf6 Qxf6 7. Qb3 c5 8. cxd5 exd5 9. a3 cxd4 10. axb4 dxc3 11. Qxc3 Qxc3+ 12. bxc3 Ke7 13. Nd4 Be6 14. e3 Rc8 15. Kd2 Nc6 16. Bd3 Nxd4 17. exd4 Rc7 18. Ra3 a6 19. Rb1 Bd7 20. Ra5 b5 21. Rba1 Rca7 22. Be2 Kd6 23. Bf3 Bc6 24. h4 Bb7 25. Be2 Bc6 26. f4 Kc7 27. Bf3 Kb6 28. Re1 Rd7 29. Re5 Rd6 30. Ra1 Kc7 31. h5 Rdd8 32. Re7+ Rd7 33. Rae1 Kd6 34. Re8 Rdd8 35. R8e7 Rd7 36. Re8 Rdd8 37. R8e7 1/2-1/2

[Event "POL-chT2"]
[Site "Poronin"]
[Date "2013.09.09"]
[Round "3.13"]
[White "Jaworski, Miroslaw"]
[Black "Wandzik, Wojciech"]
[Result "0-1"]
[WhiteElo "2286"]
[BlackElo "2276"]
[PlyCount "124"]
[EventDate "2013.09.06"]
[EventType "team-swiss"]
[EventRounds "9"]
[EventCountry "POL"]
[SourceTitle "EXT 2015"]
[Source "ChessBase"]
[SourceDate "2014.11.20"]
[SourceVersion "1"]
[SourceVersionDate "2014.11.20"]
[SourceQuality "1"]
[WhiteTeam "Raciborz KSz Silesia"]
[BlackTeam "Gliwice Politechnika Slaska"]
[WhiteTeamCountry "POL"]
[BlackTeamCountry "POL"]

1. d4 Nf6 2. c4 e6 3. Nf3 d5 4. g3 Be7 5. Bg2 0-0 6. 0-0 dxc4 7. Qc2 a6 8. Qxc4 b5 9. Qc2 Bb7 10. Bg5 Nbd7 11. Bxf6 Nxf6 12. Nbd2 Rc8 13. Nb3 Be4 14. Qc3 Nd5 15. Qd2 Bb4 16. Qd1 c5 17. Nxc5 Bxc5 18. dxc5 Rxc5 19. Rc1 Qc7 20. Qd2 Rc8 21. Rxc5 Qxc5 22. Rd1 h6 23. Ne1 Bxg2 24. Kxg2 b4 25. e4 Nf6 26. f3 a5 27. Nd3 Qd4 28. Nf2 Qc4 29. b3 Qc2 30. Nd3 g5 31. h3 Kg7 32. Ne1 Qc6 33. Qd4 Rc7 34. Qe3 Qb5 35. Qd3 Qb8 36. Qd6 Qc8 37. Qd8 Nd5 38. Qxc8 Ne3+ 39. Kg1 Rxc8 40. Rd3 Nc2 41. Kf2 Kf6 42. Ng2 Ke5 43. Rd7 f6 44. Ra7 Rc5 45. Ra6 h5 46. h4 gxh4 47. Nxh4 Na1 48. Ke3 Rc3+ 49. Ke2 Rc2+ 50. Kd3 Rc3+ 51. Ke2 Kd4 52. Rd6+ Kc5 53. Rxe6 Rc2+ 54. Kd3 Rc3+ 55. Kd2 Rc2+ 56. Kd3 Rxa2 57. Rxf6 Nxb3 58. Rf5+ Kb6 59. Ng6 Nc5+ 60. Kd4 b3 61. Ne5 Rc2 62. Rf8 b2 0-1